Регионална библиотека "Любен Каравелов" - Русе

Коноп (Запис номер 416742)

MARC детайли
000 -Лидер
Контролно поле с фиксирана дължина nam a22 a 4500
003 - Код на организацията, давaща контролен номер
Контролно поле BLK
005 - Дата и час на последна редакция
Контролно поле 20210807155212.0
008 - Елементи от данни с фиксирана дължина
fixed length control field 210423b bu |||||r|||| 00| | bu d
040 ## - Източник на каталожния запис
Идентификатор на билиотеката - собственик на записа BLK
041 ## - Код за език
Код за езика на текст/звукозапис или на отделно заглавие Български
Код за езика КДБФ Български
080 ## - УДК
Текстов определител УДК Лен и подобните му влакнодайни растения (коноп, юта и др. )
УДК код - определител по УДК 633.52
УДК - код + определител 633.52
100 ## - Редна дума - Автор
R(LIN) 1299
Автор Ковачев, Йосиф Ганчев
Авторска отговорност първи автор
139 ## - Редно поле
Редна дума Ковачев, Йосиф Ганчев
245 ## - Сведения за заглавието
Заглавие Коноп
Подзаглавни данни Стопанско значение, култура и обработка
Редно поле (дума) Йосиф Ганчев Ковачев
260 ## - Област на издателските данни
9 (RLIN) 209596
Място на издаване, разпространение и проч. София
Година на издаване 1931
Печатница София : Държ. печ.
300 ## - Физическа характеристика
Страници 134 с.
Илюстрации и др. с ил.
Размери/Мащаб 24 см
380 ## - Жанр
Жанр Селско стопанство
490 ## - СЕРИИ (Колекции)
9 (RLIN) 450405
Име на серия Землестопанска библиотека
№: серия 51
650 #7 - Допълнително описание по предмет – тема
9 (RLIN) 159157
Основно описание – тема или топоним Коноп
852 ## - Местоположение
Форматна сигнатура Цб 6.240.34170
Фондова буква Основен фонд - ползва се само за читалня
999 ## - СИСТЕМНИ КОНТРОЛНИ НОМЕРА
Koha biblionumber 416742
Koha biblioitemnumber 416742
942 ## - АРТИКУЛИ
Вид на библиотечния материал Книги
Скрит в OPAC Не
Периодичен библиозапис Да
Koha issues (borrowed), all copies 1
944 ## - СЪЗДАВАНЕ И РЕДАКЦИЯ на ЗАПИСА
Създаване/Редакция Създаване
Дата на регистрацията/редакция 2021-05-28
Служител, извършил регистрацията/редакцията ВЙ
Наличности
Код за отписване Код за изгубен артикул Източник на класификационната схема Код за повреда Коз за рестрикции Код за отдаване Артикулен № Име на библиотеката - собственик Име на библиотеката, в която се намира в момента Статус (Текущо местоположение) Дата на вписване в системата Местоположение - отдел Цена в лева Инвентарен номер Систематично азбучна сигнатура Баркод Цена в евро Служебен тип на артикула
  Не е изгубен Universal Decimal Classification Не е повреден само за читалня ползва се в читалня 833573 Регионална библиотека "Любен Каравелов" Русе Регионална библиотека "Любен Каравелов" Русе Хранилище 2021-06-01 Основен фонд - ползва се само за читалня 0.10 9187 Цб 6.240.34170 900000062581 0.05 Книги
Vip Innovations Ltd, Rousse, Bulgaria 2025